00798nam a2200205Ia 4500003000400000005001700004008004100021020002900062040001700091082002300108100002000131245006500151250001300216260002500229300002400254500005500278505020900333650002200542700002800564IIN20250324131509.0231217s9999 xx ad 001 0 eng d cRs.775.00a9789388902717 aIINbEnglish a612 bJOH1 aChatterjee, C.C a Human PhysiologycCC Chatterjee; edited by Nitin Ashok John a 13th ed bCBSaNew Delhic2021 axviii, 588 p. / V.1 aIncluding Appendices and Multiple Choice Questions aV.1: General Physiology, Blood, Nerve and Muscle, Cardiovascular System, Respiratory system, Gastro-intestinal Tract, Renal Physiology V.2: Endocrines, Reproductive System, Nervous System, Special Senses1 aPhysiologyvHuman1 aJohn, Nitin Ashok , Ed.